000 00536nam a2200193Ia 4500
005 20260120132017.0
008 008 260114s9999 xx 000 0 eng d
020 _a9781383005240
037 _aEBOOK
040 _aCRL
_beng
_cCRL
041 _aeng
_2eng
084 _qCRL
100 _aMurray
_9933860
245 4 _aThe Greek City: From Homer to Alexander
260 _bOxford University PressOxford University Press
_c2023
856 _uhttps://academic.oup.com/book/47279
942 _cEBOOK
999 _c1525783
_d1525783